Culture pas trop générale (8 : fromage) - Statistiques

Statistiques générales
  • Ce quiz a été pris 162 fois
  • Le résultat moyen est 11 sur 20
Statistiques - réponses
Hint Réponse % Correct
Quel fromage industriel souvent apprécié des enfants est reconnaissable à sa forme ronde et son emballage rouge ? Babybel
87%
Quel fromage italien est souvent utilisé pour assaisonner des pattes ? Parmesan
87%
Quel fromage est souvent utilisé dans la préparation de la tartiflette ? Reblochon
86%
Quel fromage peut être associé à du miel, manger en salade ou avec des toasts par exemple ? Chèvre
84%
Avec quel fromage Tom du dessin animé Tom et Jerry tente de piéger Jerry ? Gruyère
75%
Combien y a-t-il de m à au fromage tome/tomme ? 0, 1, 2, 3, 4, 5 ou ça dépend ? Ca dépend
72%
Quel fromage possède une raie formée de cendre en son milieu ? Morbier
70%
Quel fromage est souvent confondu avec le camembert ? Brie
65%
Quel fromage normand a été popularisé par Napoléon 3 ? Camembert
64%
Il existe 5 formages AOP en Auvergne, pouvez-vous en citer un ? Fourme d'Ambert/Saint-Nectaire/Salers/Cantal/Bleu d'Auvergne
63%
Outre le reblochon, il existe 4 autres fromages AOP en Savoie, pouvez-vous en citer un ? Beaufort/Abondance/Tome des Bauges/Chevrotin
51%
Quel fromage est facilement reconnaissable à sa pâte orange ? Gouda
50%
Quel est le fromage le plus vendu/consommé au monde ? Mozzarella
50%
Quel fromage est souvent utilisé dans la préparation du Welsh ? Cheddar
46%
Quel fromage italien à pâte persillée est-il possible de manger à la petite cuillère ? Gorgonzola
45%
Quel fromage est souvent utilisé dans la préparation de cheesecake ou autres desserts ? Mascarpone
45%
Quel est le nom du fromage corse avec des asticots vivants ? Casu Marzu
8%
Quel est le record du nombre de fromage sur une pizza ? 1001
6%
Quel fromage est surnommé "fromage de bite" pour une raison que l'on n'évoquera pas ici ? smegma/pecurino
4%
Quel est le fromage du nord du Bénin caractérisé par sa croûte rouge ? Wagashi
1%
Aucun quiz correspondant
Distribution des résultats
% des personnes avec chaque résultat
Percentile par nombre de réponses
Votre historique - résultats
Vous n’avez pas pris ce quiz